[Event "FAI-chT 1314"]
[Site "Torshavn"]
[Date "2014.01.25"]
[Round "6.4"]
[White "Skorastein, Simun"]
[Black "Vang, Finnbjorn"]
[Result "0-1"]
[WhiteElo "1486"]
[BlackElo "2051"]
[PlyCount "94"]
[EventDate "2013.10.27"]
[EventType "team-tourn"]
[EventRounds "10"]
[EventCountry "FAI"]
[SourceTitle "EXT 2019"]
[Source "ChessBase"]
[SourceDate "2018.10.10"]
[SourceVersion "1"]
[SourceVersionDate "2018.10.10"]
[SourceQuality "1"]
[WhiteTeam "Klaksvik II"]
[BlackTeam "Klaksvik"]
[WhiteTeamCountry "FAI"]
[BlackTeamCountry "FAI"]

1. b3 d5 2. Bb2 c5 3. e3 Nc6 4. Nf3 Bf5 5. Be2 Qc7 6. d3 e5 7. 0-0 Nf6 8. c4 dxc4 9. bxc4 Be7 10. e4 Be6 11. Nc3 0-0 12. Nd5 Bxd5 13. cxd5 Nd4 14. Nxd4 cxd4 15. Qb3 Nd7 16. f4 Nc5 17. Qc4 b5 18. Qc1 Bd6 19. f5 f6 20. g4 Rac8 21. Qd2 Na4 22. Rac1 Qe7 23. Rc6 Rxc6 24. dxc6 Rc8 25. Rc1 Bb4 26. Qc2 Kh8 27. Rb1 a6 28. Qb3 Qd6 29. Qd5 Rxc6 30. Rc1 Rxc1+ 31. Bxc1 Qxd5 32. exd5 Nc3 33. Bf3 Nxa2 34. Bb2 Bd6 35. Kf1 Kg8 36. Ke1 Kf8 37. h4 a5 38. Kd2 Ke7 39. Kc2 Nb4+ 40. Kd2 Na6 41. Kc2 a4 42. Kb1 Bb4 43. g5 Bd2 44. g6 hxg6 45. fxg6 f5 46. Kc2 Be3 47. Bc1 Nb4+ 0-1

[Event "FAI-chT 1314"]
[Site "Torshavn"]
[Date "2013.11.03"]
[Round "2.3"]
[White "Nielsen, Torkil"]
[Black "Vang, Finnbjorn"]
[Result "0-1"]
[WhiteElo "2113"]
[BlackElo "2051"]
[PlyCount "94"]
[EventDate "2013.10.27"]
[EventType "team-tourn"]
[EventRounds "10"]
[EventCountry "FAI"]
[SourceTitle "EXT 2015"]
[Source "ChessBase"]
[SourceDate "2014.11.20"]
[SourceVersion "1"]
[SourceVersionDate "2014.11.20"]
[SourceQuality "1"]
[WhiteTeam "Sandavagur"]
[BlackTeam "Klaksvik"]
[WhiteTeamCountry "FAI"]
[BlackTeamCountry "FAI"]

1. e4 e5 2. Nf3 Nf6 3. Nc3 Nc6 4. Bb5 Bc5 5. 0-0 d6 6. d4 exd4 7. Nxd4 Bd7 8. Nxc6 bxc6 9. Bd3 h6 10. Qe2 Bg4 11. Qe1 0-0 12. Kh1 Re8 13. f3 Bh5 14. Ne2 Bg6 15. Qc3 Rb8 16. a3 Bh7 17. b4 Bb6 18. Qxc6 d5 19. Bb2 dxe4 20. Bxf6 Qxf6 21. Qxf6 gxf6 22. fxe4 Bxe4 23. Bxe4 Rxe4 24. Ng3 Rc4 25. Rad1 Rxc2 26. Rxf6 Re8 27. Rdf1 Re7 28. Nf5 Re6 29. Rxh6 Rf2 30. Rd1 Rxf5 31. Rxe6 fxe6 32. h3 Rd5 33. Rc1 a5 34. Rc4 axb4 35. Rxb4 Rd1+ 36. Kh2 Bg1+ 37. Kg3 Rd3+ 38. Kg4 Rxa3 39. h4 Bh2 40. Kg5 Rg3+ 41. Kf6 Rxg2 42. Kxe6 Kg7 43. Kf5 Kh6 44. Rb8 Rf2+ 45. Kg4 Bd6 46. Rh8+ Kg7 47. Rc8 Rf8 0-1

[Event "FAI-chT 1213"]
[Site "Faroe Islands"]
[Date "2013.03.09"]
[Round "10.2"]
[White "Vang, Finnbjorn"]
[Black "Thomsen, Torbjorn"]
[Result "0-1"]
[WhiteElo "2034"]
[BlackElo "2141"]
[PlyCount "56"]
[EventDate "2012.10.28"]
[EventType "team-tourn"]
[EventRounds "10"]
[EventCountry "FAI"]
[SourceTitle "EXT 2014"]
[Source "ChessBase"]
[SourceDate "2013.11.20"]
[SourceVersion "1"]
[SourceVersionDate "2013.11.20"]
[SourceQuality "1"]
[WhiteTeam "Klaksvik"]
[BlackTeam "Vestmanna"]
[WhiteTeamCountry "FAI"]
[BlackTeamCountry "FAI"]

1. d4 Nf6 2. c4 g6 3. Nc3 Bg7 4. e4 d6 5. Bg5 0-0 6. Nf3 c6 7. Be2 Nbd7 8. 0-0 a6 9. Rc1 b5 10. cxb5 cxb5 11. e5 Ne8 12. Nd5 f6 13. Qb3 Kh8 14. Nf4 Nb6 15. Nh4 d5 16. Rxc8 Qxc8 17. Nhxg6+ hxg6 18. Nxg6+ Kh7 19. Nxe7 Qe6 20. Qd3+ Kh8 21. exf6 Nxf6 22. Ng6+ Kg8 23. Nxf8 Rxf8 24. Rc1 Ne4 25. Be3 Nc4 26. Bf3 Rxf3 27. gxf3 Qg6+ 28. Kf1 Ng3+ 0-1

[Event "FAI-chT 1213"]
[Site "Faroe Islands"]
[Date "2013.02.17"]
[Round "8.3"]
[White "Vang, Finnbjorn"]
[Black "Nielsen, Hogni Egilstoft"]
[Result "0-1"]
[WhiteElo "2034"]
[BlackElo "2064"]
[PlyCount "58"]
[EventDate "2012.10.28"]
[EventType "team-tourn"]
[EventRounds "10"]
[EventCountry "FAI"]
[SourceTitle "EXT 2014"]
[Source "ChessBase"]
[SourceDate "2013.11.20"]
[SourceVersion "1"]
[SourceVersionDate "2013.11.20"]
[SourceQuality "1"]
[WhiteTeam "Klaksvik"]
[BlackTeam "Sandavagur"]
[WhiteTeamCountry "FAI"]
[BlackTeamCountry "FAI"]

1. e4 e5 2. Nf3 Nc6 3. Bc4 Nf6 4. Ng5 d5 5. exd5 Na5 6. Bb5+ c6 7. dxc6 bxc6 8. Be2 h6 9. Nf3 e4 10. Ne5 Bc5 11. c3 0-0 12. 0-0 Qc7 13. d4 exd3 14. Nxd3 Bd6 15. h3 Re8 16. b4 Ba6 17. bxa5 Rad8 18. Be3 Rxe3 19. fxe3 Bh2+ 20. Kh1 Ne4 21. Rf3 g5 22. Qf1 g4 23. hxg4 Rxd3 24. Bxd3 Bg3 25. Na3 Qd8 26. Kg1 Bxd3 27. Rd1 Qh4 28. Rxg3 Bxf1 29. Rf3 Bxg2 0-1

[Event "FAI-chT 1213"]
[Site "Faroe Islands"]
[Date "2013.01.19"]
[Round "7.3"]
[White "Eydsteinsson, Silas"]
[Black "Vang, Finnbjorn"]
[Result "0-1"]
[WhiteElo "1700"]
[BlackElo "2034"]
[PlyCount "88"]
[EventDate "2012.10.28"]
[EventType "team-tourn"]
[EventRounds "10"]
[EventCountry "FAI"]
[SourceTitle "EXT 2014"]
[Source "ChessBase"]
[SourceDate "2013.11.20"]
[SourceVersion "1"]
[SourceVersionDate "2013.11.20"]
[SourceQuality "1"]
[WhiteTeam "Sandavagur II"]
[BlackTeam "Klaksvik"]
[WhiteTeamCountry "FAI"]
[BlackTeamCountry "FAI"]

1. e4 e5 2. Nf3 Nc6 3. Bb5 a6 4. Ba4 Nf6 5. d3 b5 6. Bb3 Be7 7. c3 0-0 8. 0-0 h6 9. Re1 d6 10. Nbd2 Bg4 11. Nf1 Qd7 12. h3 Be6 13. Bc2 Nh7 14. Ng3 Rad8 15. d4 exd4 16. cxd4 d5 17. e5 Rfe8 18. Be3 Nb4 19. Bb1 c5 20. a3 Nc6 21. Qd2 Nxd4 22. Nxd4 cxd4 23. Bxd4 Bg5 24. f4 Bh4 25. Qd3 g6 26. Rf1 Bxg3 27. Qxg3 Bf5 28. Qh4 h5 29. Rf3 Rc8 30. Bxf5 Qxf5 31. Re1 Rc4 32. Qf2 Rec8 33. Rc3 Nf8 34. Rec1 Ne6 35. Be3 Kg7 36. Rxc4 Rxc4 37. Rxc4 bxc4 38. Qd2 Qe4 39. f5 gxf5 40. Bh6+ Kg6 41. g3 Qxe5 42. Bf4 Qe4 43. Qf2 d4 44. Qf1 Nxf4 0-1